000
00206 a2200097 4500
001
14699
100
_a
Ali Zaki
245
_a
Islam in the world
260
_a
Lahore
_b
Sh M Ashraf
_c
090
_c
11484
_d
11484
942
_a
NUST-CAE
_c
M
_c
1652
999
_c
249772
_d
249772